000 00699nam a2200193Ii 4500
003 JO-AjNU
008 230605s9999||||xx |||||||||||||| ||und||
040 _aJO-AjNU
_bara
_erda
_cJO-AjNU
041 _aara
050 1 4 _aDG467 .I7 1970
100 3 _aعبيد، اسحاق تاضروس ,
_eauthor
_938279
245 0 0 _a روما وبيزنطة من قطيعة فوشيوس حتى الغزو الاتيني لمدينة قسطنطين 869-1204
264 3 1 _aمصر: دار المعارف، 1970
300 _a357ص
336 _atext
_btxt
_2rdacontent
337 _aunmediated
_bn
_2rdamedia
338 _avolume
_bnc
_2rdacarrier
650 4 _aبيزنطة-تاريخ-روما -تاريخ
_938280
999 _aA16069
_c19637
_d19637